[Event "M.Chigorin Memorial 2013"]
[Site "St. Petersburg"]
[Date "2013.10.06"]
[Round "2.27"]
[White "Bublei, Pavel"]
[Black "Bukavshin, Ivan"]
[Result "0-1"]
[WhiteElo "2328"]
[BlackElo "2553"]
[PlyCount "60"]
[EventDate "2013.10.05"]

1. d4 Nf6 2. Nf3 d5 3. c4 e6 4. Nc3 c6 5. e3 Nbd7 6. Qc2 b6 7. cxd5 exd5 8. Bd3
Be7 9. O-O O-O 10. e4 dxe4 11. Nxe4 Bb7 12. Ne5 Rc8 13. Ng5 g6 14. Qb3 Nd5 15.
h4 Bf6 16. Ng4 Bg7 17. h5 N7f6 18. Nxf6+ Qxf6 19. hxg6 hxg6 20. Be4 Rfe8 21.
Bxd5 cxd5 22. Qh3 Rxc1 23. Rfxc1 Qxg5 24. Rc7 Ba6 25. Rxa7 Bc8 26. Qc3 Bf5 27.
Qc6 Rd8 28. Qb7 Rf8 29. Qxd5 Qd2 30. Ra4 Bf6 0-1

[Event "M.Chigorin Memorial 2013"]
[Site "St. Petersburg"]
[Date "2013.10.06"]
[Round "2.28"]
[White "Popov, Valerij"]
[Black "Ivakhinova, Inna"]
[Result "1-0"]
[WhiteElo "2548"]
[BlackElo "2312"]
[PlyCount "69"]
[EventDate "2013.10.05"]

1. c4 c6 2. Nf3 d5 3. g3 Nf6 4. Bg2 dxc4 5. O-O Nbd7 6. Na3 Nb6 7. Qc2 Be6 8.
Ng5 Bg4 9. Nxc4 Nxc4 10. Qxc4 e6 11. e4 Bh5 12. d4 Be7 13. Nh3 Bg6 14. Re1 Qa5
15. Re2 Rd8 16. Bd2 Qb6 17. Bc3 O-O 18. Nf4 Rd7 19. h4 c5 20. e5 cxd4 21. exf6
gxf6 22. Rd1 Rfd8 23. Nxg6 hxg6 24. Qa4 Kg7 25. b3 Qc5 26. Bd2 b5 27. Qa5 d3
28. Ree1 b4 29. Qxc5 Bxc5 30. Rc1 Bb6 31. Rc6 e5 32. Bxb4 d2 33. Rd1 f5 34. Rc2
a5 35. Bc3 1-0

[Event "M.Chigorin Memorial 2013"]
[Site "St. Petersburg"]
[Date "2013.10.06"]
[Round "2.29"]
[White "Shchukin, Dmitry"]
[Black "Stocek, Jiri"]
[Result "0-1"]
[WhiteElo "2318"]
[BlackElo "2543"]
[PlyCount "152"]
[EventDate "2013.10.05"]

1. e4 d6 2. d4 Nf6 3. Nc3 g6 4. Nge2 Bg7 5. g3 O-O 6. Bg2 Na6 7. O-O c5 8. h3
cxd4 9. Nxd4 Bd7 10. Re1 Rc8 11. Nd5 Re8 12. c3 Nc5 13. Bg5 a6 14. Qd2 h5 15.
Nxf6+ Bxf6 16. Bxf6 exf6 17. Rad1 Rc7 18. Qh6 Qe7 19. Re3 Bc8 20. Rde1 Qf8 21.
Qxf8+ Kxf8 22. c4 Ne6 23. Nxe6+ Bxe6 24. Bf1 Rec8 25. b3 Rc5 26. Rd1 Ke7 27.
Red3 R8c6 28. Rd4 h4 29. g4 Ra5 30. R1d2 g5 31. Kg2 Ra3 32. f4 gxf4 33. Kf3 a5
34. Kxf4 Rb6 35. g5 fxg5+ 36. Kxg5 a4 37. Kxh4 axb3 38. axb3 Raxb3 39. Kg5 Bxh3
40. Bxh3 Rxh3 41. Rd5 f6+ 42. Kg4 Rc3 43. Kf5 Rf3+ 44. Kg4 Rc3 45. Kf5 Rxc4 46.
Rh2 Kd7 47. Rh7+ Kc6 48. Re7 Rb1 49. Re6 Rf1+ 50. Kg6 Rxe4 51. Rexd6+ Kc7 52.
Rd7+ Kb6 53. R7d6+ Ka7 54. Ra5+ Kb8 55. Rb5 Rg4+ 56. Kf7 Rc4 57. Rxf6 Rxf6+ 58.
Kxf6 Kc7 59. Ke5 Kc6 60. Rb1 b5 61. Rd1 Kc5 62. Rd8 b4 63. Rd5+ Kc6 64. Rd8 Kb5
65. Kd5 Rc1 66. Rb8+ Ka4 67. Kd4 Ka3 68. Kd3 b3 69. Kd2 b2 70. Ra8+ Kb3 71.
Rb8+ Ka2 72. Ra8+ Kb1 73. Ra7 Rc2+ 74. Kd1 Rc5 75. Rd7 Ra5 76. Rb7 Ka2 0-1

[Event "M.Chigorin Memorial 2013"]
[Site "St. Petersburg"]
[Date "2013.10.06"]
[Round "2.30"]
[White "Gabrielian, Artur"]
[Black "Melnikov, Dmitry"]
[Result "1-0"]
[WhiteElo "2541"]
[BlackElo "2311"]
[PlyCount "81"]
[EventDate "2013.10.05"]

1. e4 e5 2. Nf3 Nc6 3. Bb5 Bc5 4. O-O Qf6 5. c3 Nge7 6. Re1 h6 7. d4 Bb6 8. Na3
a6 9. Ba4 O-O 10. Nc4 d6 11. Nxb6 cxb6 12. h3 b5 13. Bc2 Ng6 14. a4 bxa4 15.
Bxa4 Nce7 16. Bc2 Nf4 17. Kh2 Be6 18. Be3 Rad8 19. Ng1 g5 20. g3 Nfg6 21. Qh5
Qg7 22. dxe5 dxe5 23. Rad1 Nc6 24. Bb6 Rxd1 25. Rxd1 Rc8 26. Nf3 Nf8 27. Ne1
Nd7 28. Be3 Nf6 29. Qe2 Rd8 30. Rxd8+ Nxd8 31. Ng2 Nd7 32. Bc1 f6 33. Ne3 Nc6
34. Qd1 Qe7 35. Nd5 Bxd5 36. exd5 Nd8 37. Qh5 Nf7 38. Qg6+ Kf8 39. Bf5 Qc5 40.
Be3 Qxd5 41. Bxd7 1-0

[Event "M.Chigorin Memorial 2013"]
[Site "St. Petersburg"]
[Date "2013.10.06"]
[Round "2.31"]
[White "Molchanova, Tatjana"]
[Black "Anisimov, Pavel"]
[Result "1/2-1/2"]
[WhiteElo "2311"]
[BlackElo "2538"]
[PlyCount "81"]
[EventDate "2013.10.05"]

1. c4 c5 2. Nc3 Nc6 3. g3 g6 4. Bg2 Bg7 5. e4 e5 6. Nge2 d6 7. O-O f5 8. d3 Nf6
9. Bg5 h6 10. Bxf6 Qxf6 11. Nd5 Qf7 12. a3 O-O 13. b4 f4 14. f3 g5 15. b5 Nd4
16. Nxd4 cxd4 17. g4 h5 18. h3 Be6 19. a4 a5 20. Nb6 Ra7 21. Rc1 Bf6 22. Nd5
Bd8 23. Qe2 b6 24. Qd1 Qh7 25. Rf2 Qh8 26. Kf1 Raf7 27. Ke2 Rh7 28. Qb3 Qg7 29.
Rg1 Qd7 30. Bf1 Kf7 31. Qa3 Rfh8 32. Rfg2 hxg4 33. hxg4 Rh3 34. Kf2 Kg6 35. Be2
Rh2 36. Rxh2 Rxh2+ 37. Rg2 Rh1 38. Bf1 Bc7 39. Ke2 Qh7 40. Rf2 Qd7 41. Bg2
1/2-1/2

[Event "M.Chigorin Memorial 2013"]
[Site "St. Petersburg"]
[Date "2013.10.06"]
[Round "2.32"]
[White "Rozum, Ivan"]
[Black "Leontiev, Aleksandr V"]
[Result "1-0"]
[WhiteElo "2533"]
[BlackElo "2310"]
[PlyCount "51"]
[EventDate "2013.10.05"]

1. e4 e5 2. Nf3 Nc6 3. Bc4 Nf6 4. d3 Bc5 5. c3 a6 6. Bb3 d6 7. h3 O-O 8. Nbd2
Be6 9. Bc2 d5 10. Qe2 Nh5 11. Nb3 Bb6 12. Nxe5 Nxe5 13. d4 Qh4 14. dxe5 dxe4
15. Nd4 Ng3 16. fxg3 Qxg3+ 17. Qf2 Qxe5 18. Be3 Bc4 19. b3 Qa5 20. Qd2 Rad8 21.
bxc4 f5 22. c5 Bxc5 23. O-O Ba3 24. Qe2 Qxc3 25. Ne6 f4 26. Nxd8 1-0

[Event "M.Chigorin Memorial 2013"]
[Site "St. Petersburg"]
[Date "2013.10.06"]
[Round "2.33"]
[White "Aharon, Ofir"]
[Black "Lintchevski, Daniil"]
[Result "0-1"]
[WhiteElo "2310"]
[BlackElo "2532"]
[PlyCount "82"]
[EventDate "2013.10.05"]

1. e4 c6 2. d4 d5 3. f3 e6 4. Nc3 Bb4 5. a3 Bxc3+ 6. bxc3 dxe4 7. Qe2 c5 8. Qe3
Nc6 9. dxc5 Qa5 10. Bd2 Nf6 11. fxe4 O-O 12. h3 Nd7 13. Nf3 Qxc5 14. Bd3 Rd8
15. O-O Qxe3+ 16. Bxe3 b6 17. Nd4 Bb7 18. Bg5 f6 19. Be3 Kf7 20. Bc4 Nxd4 21.
cxd4 Bxe4 22. Bb3 b5 23. a4 b4 24. a5 Nb8 25. Rf4 Bd5 26. Ba4 Na6 27. Bb5 Nc7
28. Bd3 Bc6 29. Rh4 h6 30. Bd2 Nd5 31. Rb1 Rab8 32. Rg4 f5 33. Rg3 Ba4 34. Rf3
Rdc8 35. Rb2 Bb5 36. Be4 Nf6 37. Bxf5 exf5 38. Rxf5 Bd7 39. Re5 Rc4 40. Be3 a6
41. Kf2 Rbc8 0-1

[Event "M.Chigorin Memorial 2013"]
[Site "St. Petersburg"]
[Date "2013.10.06"]
[Round "2.34"]
[White "Bernadskiy, Vitaliy"]
[Black "Zhurikhin, Alexander"]
[Result "1-0"]
[WhiteElo "2527"]
[BlackElo "2308"]
[PlyCount "65"]
[EventDate "2013.10.05"]

1. Nf3 Nf6 2. g3 c5 3. Bg2 g6 4. b3 Bg7 5. Bb2 d5 6. O-O O-O 7. c4 d4 8. b4
Nfd7 9. d3 e5 10. Nbd2 Nc6 11. bxc5 Nxc5 12. Ba3 Qa5 13. Qc1 Re8 14. Nb3 Nxb3
15. axb3 Qc7 16. Ng5 Bf5 17. Ne4 Bxe4 18. Bxe4 f5 19. Bd5+ Kh8 20. b4 e4 21. b5
Ne5 22. Qf4 exd3 23. exd3 Qd7 24. Rad1 Rad8 25. Kh1 Ng4 26. Bb2 Be5 27. Bxd4
Qg7 28. Bxe5 Rxe5 29. Bf3 g5 30. Qc1 Qh6 31. Bxg4 fxg4 32. Qa1 Qf6 33. Rde1 1-0

[Event "M.Chigorin Memorial 2013"]
[Site "St. Petersburg"]
[Date "2013.10.06"]
[Round "2.35"]
[White "Rozanov, Pavel B"]
[Black "Oparin, Grigoriy"]
[Result "0-1"]
[WhiteElo "2309"]
[BlackElo "2526"]
[PlyCount "70"]
[EventDate "2013.10.05"]

1. d4 Nf6 2. Nf3 e6 3. c4 Bb4+ 4. Nbd2 b6 5. a3 Bxd2+ 6. Qxd2 Bb7 7. g3 O-O 8.
Bg2 d6 9. O-O Nbd7 10. b4 Qe7 11. Bb2 a5 12. Rfe1 h6 13. Qd3 Be4 14. Qe3 Rfe8
15. Rec1 a4 16. Bf1 c5 17. Nd2 Bb7 18. dxc5 bxc5 19. Rd1 cxb4 20. axb4 d5 21.
Ba3 e5 22. Bh3 d4 23. Qd3 Red8 24. e4 dxe3 25. Qxe3 Nf8 26. Nf3 Ne6 27. Bg2 e4
28. Nd4 Ng4 29. Qe2 Rxd4 30. Rxd4 Nxd4 31. Qxg4 Nc2 32. Bb2 f5 33. Qxf5 Nxa1
34. Bxa1 Rd8 35. Bf1 e3 0-1

[Event "M.Chigorin Memorial 2013"]
[Site "St. Petersburg"]
[Date "2013.10.06"]
[Round "2.36"]
[White "Sivuk, Vitaly"]
[Black "Khakimov, Timur"]
[Result "1-0"]
[WhiteElo "2517"]
[BlackElo "2305"]
[PlyCount "89"]
[EventDate "2013.10.05"]

1. e4 c5 2. Nf3 e6 3. c3 d5 4. exd5 Qxd5 5. d4 Nf6 6. Be3 cxd4 7. cxd4 Bb4+ 8.
Nc3 O-O 9. Bd3 Bd7 10. Qe2 Bc6 11. O-O Bxc3 12. bxc3 Nbd7 13. c4 Qh5 14. Bf4
Rfe8 15. Rfe1 Rad8 16. Bc7 Rc8 17. Bg3 Rcd8 18. Rad1 Nb6 19. Qe3 Ba4 20. Rb1
Rc8 21. Ne5 Nfd7 22. Qd2 Nxe5 23. Rxe5 f5 24. c5 Nd5 25. Rxb7 Qg4 26. Be2 Qg6
27. h4 Bc6 28. Rxa7 f4 29. Rg5 Qb1+ 30. Qd1 Qxd1+ 31. Bxd1 g6 32. Bh2 Rb8 33.
Bb3 Rb4 34. h5 Rxd4 35. hxg6 h6 36. Re5 Rb8 37. Re1 Rb5 38. Rc1 Re4 39. f3 Re2
40. Kh1 Rb2 41. Bxd5 Bxd5 42. Bxf4 Rb1 43. Rxb1 Rxb1+ 44. Kh2 Rb2 45. Rc7 1-0

[Event "M.Chigorin Memorial 2013"]
[Site "St. Petersburg"]
[Date "2013.10.06"]
[Round "2.37"]
[White "Kostin, Alexey"]
[Black "Antipov, Mikhail Al"]
[Result "0-1"]
[WhiteElo "2306"]
[BlackElo "2515"]
[PlyCount "76"]
[EventDate "2013.10.05"]

1. d4 Nf6 2. c4 e6 3. Nf3 b6 4. g3 Ba6 5. Qc2 Bb4+ 6. Bd2 c5 7. Bg2 Nc6 8. dxc5
bxc5 9. O-O Bxd2 10. Nbxd2 O-O 11. Rfd1 Rc8 12. Rac1 d5 13. Qa4 Qb6 14. Qa3 d4
15. Nb3 Nd7 16. e3 e5 17. Ng5 Nb4 18. Qa4 Rc7 19. Na5 h6 20. Ne4 f5 21. Nc3
dxc3 22. bxc3 Nxa2 23. Qxa2 e4 24. Rd5 Qe6 25. Rcd1 Nb6 26. Bf1 Nxd5 27. cxd5
Qd6 28. Bxa6 Qxa6 29. d6+ Rcf7 30. Rd5 Rd8 31. Rxf5 c4 32. Re5 Qxd6 33. Nxc4
Qd1+ 34. Kg2 Kh7 35. Ra5 Rdf8 36. Rxa7 Qf3+ 37. Kh3 Rxa7 38. Qxa7 Rf5 0-1

[Event "M.Chigorin Memorial 2013"]
[Site "St. Petersburg"]
[Date "2013.10.06"]
[Round "2.38"]
[White "Sichinava, Zviad"]
[Black "Can, Emre"]
[Result "0-1"]
[WhiteElo "2305"]
[BlackElo "2513"]
[PlyCount "60"]
[EventDate "2013.10.05"]

1. d4 g6 2. Nf3 Bg7 3. c4 Nf6 4. g3 O-O 5. Bg2 d6 6. O-O Nc6 7. Nc3 a6 8. b3
Rb8 9. Bb2 b5 10. Qc2 bxc4 11. bxc4 Bf5 12. e4 Bg4 13. Rad1 Nd7 14. Ne2 Nb4 15.
Qa4 c5 16. Bc3 a5 17. a3 cxd4 18. Bxb4 axb4 19. axb4 e5 20. Ra1 Nb6 21. Qa6 Bc8
22. Qa2 Be6 23. Nd2 Qc7 24. Rac1 Rfc8 25. Qb2 Bh6 26. f4 Qa7 27. c5 dxc5 28. f5
Na4 29. Qa3 cxb4 30. Rxc8+ Bxc8 0-1

[Event "M.Chigorin Memorial 2013"]
[Site "St. Petersburg"]
[Date "2013.10.06"]
[Round "2.39"]
[White "Levin, Evgeny A"]
[Black "Drozdova, Dina"]
[Result "1-0"]
[WhiteElo "2512"]
[BlackElo "2291"]
[PlyCount "117"]
[EventDate "2013.10.05"]

1. d4 Nf6 2. c4 e6 3. Nf3 b6 4. g3 Ba6 5. Qa4 Bb7 6. Bg2 c5 7. dxc5 Bxc5 8. O-O
O-O 9. Nc3 a6 10. Bf4 Nh5 11. Be5 d6 12. Rfd1 Qc7 13. Bd4 Nc6 14. Rac1 Rac8 15.
Qc2 Bxd4 16. Nxd4 Nxd4 17. Rxd4 Bxg2 18. Kxg2 Nf6 19. Qd3 Qb7+ 20. e4 Rfd8 21.
Rd1 Rd7 22. Rxd6 Rxd6 23. Qxd6 h6 24. Rd4 Rc6 25. Qd8+ Kh7 26. f3 Rc8 27. Qd6
g5 28. e5 Ne8 29. Qd7 Qxd7 30. Rxd7 Rxc4 31. Rxf7+ Kg6 32. Re7 Nc7 33. g4 h5
34. gxh5+ Kxh5 35. Kg3 Kg6 36. Ne4 Rc1 37. Nd6 b5 38. h4 Rg1+ 39. Kf2 Rc1 40.
Kg3 Rg1+ 41. Kh3 Rh1+ 42. Kg2 Rc1 43. hxg5 Kxg5 44. Kg3 Rg1+ 45. Kf2 Rc1 46.
Rf7 Nd5 47. Rf8 b4 48. b3 Ra1 49. Ne4+ Kg6 50. Nc5 Rxa2+ 51. Kg3 Re2 52. f4 Rb2
53. Rg8+ Kf7 54. Ra8 Rc2 55. Ra7+ Kg6 56. Nxe6 Rc3+ 57. Kg4 Ne3+ 58. Kf3 Rxb3
59. Nf8+ 1-0

[Event "M.Chigorin Memorial 2013"]
[Site "St. Petersburg"]
[Date "2013.10.06"]
[Round "2.40"]
[White "Solovyov, Viktor"]
[Black "Makarov, Marat"]
[Result "1/2-1/2"]
[WhiteElo "2298"]
[BlackElo "2512"]
[PlyCount "152"]
[EventDate "2013.10.05"]

1. Nf3 e6 2. c4 a6 3. g3 b5 4. b3 c5 5. Nc3 Qb6 6. Bg2 Bb7 7. O-O Nf6 8. Re1 d6
9. Rb1 b4 10. Na4 Qc7 11. d4 cxd4 12. Nxd4 Bxg2 13. Kxg2 Nbd7 14. e4 Be7 15.
Qe2 O-O 16. Nf3 e5 17. Bg5 Rfe8 18. Rbd1 g6 19. Bxf6 Nxf6 20. Nd2 Qc6 21. Nf1
Bd8 22. f3 a5 23. Qd3 Re6 24. Ne3 Bb6 25. Nxb6 Qxb6 26. Nd5 Nxd5 27. Qxd5 Ra6
28. Re2 a4 29. Qb5 Qxb5 30. cxb5 Ra5 31. bxa4 Rxa4 32. Rb2 Re7 33. Rxd6 Rb7 34.
b6 Kf8 35. Rd5 Rxb6 36. Rxe5 Rba6 37. Rb5 Rxa2 38. R5xb4 h5 39. R4b3 Rxb2+ 40.
Rxb2 Ra3 41. h4 Ke7 42. Kf2 Ke6 43. Ke2 Kf6 44. Rd2 Rb3 45. Rd3 Rb2+ 46. Ke3
Ra2 47. Kf4 Ra5 48. Rd6+ Kg7 49. Rd5 Ra4 50. Rb5 Rc4 51. g4 hxg4 52. Kxg4 Ra4
53. h5 gxh5+ 54. Rxh5 Ra3 55. Rb5 Ra1 56. f4 Kg6 57. Rb6+ Kg7 58. Kf5 Ra5+ 59.
e5 Ra4 60. Rb7 Ra6 61. Rd7 Ra5 62. Kg4 Kf8 63. Rb7 Kg8 64. Kg5 Kg7 65. Rb8 Rc5
66. Re8 f6+ 67. Kf5 fxe5 68. fxe5 Kf7 69. Rh8 Rc6 70. Rh7+ Ke8 71. Ra7 Rb6 72.
Ke4 Rh6 73. Kd5 Rg6 74. Ra8+ Ke7 75. Rh8 Ra6 76. Rh7+ Ke8 1/2-1/2

[Event "M.Chigorin Memorial 2013"]
[Site "St. Petersburg"]
[Date "2013.10.06"]
[Round "2.41"]
[White "Ageichenko, Genadi A"]
[Black "Neverov, Valeriy"]
[Result "1/2-1/2"]
[WhiteElo "2296"]
[BlackElo "2505"]
[PlyCount "117"]
[EventDate "2013.10.05"]

1. e4 c5 2. Nf3 e6 3. Nc3 a6 4. d4 cxd4 5. Nxd4 b5 6. Bd3 Bb7 7. O-O Nc6 8.
Nxc6 Bxc6 9. Qe2 Bc5 10. a4 b4 11. Nd5 Ne7 12. Be3 Bxe3 13. Nxe3 a5 14. f4 O-O
15. e5 Qb6 16. Kh1 Qc5 17. Nc4 f5 18. exf6 Rxf6 19. Ne5 Raf8 20. Nxc6 Qxc6 21.
Bb5 Qb7 22. Qf3 d5 23. Qe3 Ng6 24. f5 exf5 25. Qd4 f4 26. Rad1 Ne7 27. Be2 Qc7
28. c3 bxc3 29. bxc3 Kh8 30. Bd3 h6 31. Rde1 Nf5 32. Bxf5 Rxf5 33. Re6 Kh7 34.
Rfe1 Qf7 35. Qd3 Kh8 36. Qf3 Qd7 37. R6e5 Rxe5 38. Rxe5 Qxa4 39. h3 Rd8 40.
Rxd5 Rxd5 41. Qxd5 Qa1+ 42. Kh2 Qxc3 43. Qa8+ Kh7 44. Qe4+ g6 45. Qxf4 Qg7 46.
h4 h5 47. g3 Qd7 48. Kg2 a4 49. Qb4 Qa7 50. Qa3 Qa8+ 51. Kh2 Qe4 52. Qf8 Qd4
53. Kg2 Qa7 54. Qa3 Kg8 55. Qd6 Qb7+ 56. Kh2 Qb2+ 57. Kh3 a3 58. Qd8+ Kf7 59.
Qd7+ 1/2-1/2

[Event "M.Chigorin Memorial 2013"]
[Site "St. Petersburg"]
[Date "2013.10.06"]
[Round "2.42"]
[White "Cheremnova, Tamara"]
[Black "Shinkevich, Vitaly"]
[Result "0-1"]
[WhiteElo "2289"]
[BlackElo "2489"]
[PlyCount "106"]
[EventDate "2013.10.05"]

1. d4 Nf6 2. c4 g6 3. g3 Bg7 4. Bg2 O-O 5. Nc3 c6 6. Nf3 d5 7. cxd5 cxd5 8. O-O
Nc6 9. h3 Ne4 10. Nxe4 dxe4 11. Ng5 Nxd4 12. Nxe4 Be6 13. Bd2 Qb6 14. b3 Rfd8
15. e3 Nc6 16. Rc1 Nb4 17. Qe2 Nxa2 18. Rb1 a5 19. Be1 Nb4 20. Bc3 Bxc3 21.
Nxc3 Rac8 22. Na4 Qa6 23. Qxa6 bxa6 24. Nb6 Rc5 25. e4 Rd3 26. Nd5 Nxd5 27.
exd5 Bxd5 28. b4 axb4 29. Rxb4 a5 30. Rb8+ Kg7 31. Bxd5 Rcxd5 32. Ra8 Rd1 33.
Kg2 Rxf1 34. Kxf1 h5 35. h4 f6 36. Ra7 Kf7 37. Kg2 g5 38. hxg5 fxg5 39. Kf3
Rf5+ 40. Kg2 g4 41. Kf1 Re5 42. Kg2 Kg6 43. Ra6+ Kf5 44. f4 Re2+ 45. Kf1 Ra2
46. Ra7 e6 47. Ra6 a4 48. Ke1 a3 49. Ra4 h4 50. gxh4 g3 51. Kf1 Rf2+ 52. Kg1 a2
53. h5 Rb2 0-1

[Event "M.Chigorin Memorial 2013"]
[Site "St. Petersburg"]
[Date "2013.10.06"]
[Round "2.43"]
[White "Popilski, Gil"]
[Black "Pustovoitova, Daria"]
[Result "1-0"]
[WhiteElo "2486"]
[BlackElo "2286"]
[PlyCount "59"]
[EventDate "2013.10.05"]

1. d4 Nf6 2. c4 g6 3. Nc3 d5 4. cxd5 Nxd5 5. e4 Nxc3 6. bxc3 Bg7 7. Qa4+ Qd7 8.
Qb3 O-O 9. Nf3 b6 10. Bb5 Qg4 11. O-O Bb7 12. Re1 Nc6 13. h3 Qc8 14. Bg5 Na5
15. Qc2 c6 16. Bf1 Re8 17. Rad1 Ba6 18. c4 b5 19. c5 e6 20. Bf4 Rd8 21. Qc3 Nc4
22. a4 Qb7 23. Bxc4 bxc4 24. Rb1 Qc8 25. Rb2 Qd7 26. Bd6 f5 27. exf5 exf5 28.
Re7 Qc8 29. Rc7 Qe6 30. Rxg7+ 1-0

[Event "M.Chigorin Memorial 2013"]
[Site "St. Petersburg"]
[Date "2013.10.06"]
[Round "2.44"]
[White "Pletnev, Evgeniy"]
[Black "Raznikov, Danny"]
[Result "0-1"]
[WhiteElo "2278"]
[BlackElo "2486"]
[PlyCount "120"]
[EventDate "2013.10.05"]

1. e4 e5 2. Nc3 Nf6 3. g3 Bc5 4. Bg2 Nc6 5. Nf3 d6 6. d3 a6 7. O-O h6 8. Qe1
O-O 9. Be3 Bxe3 10. Qxe3 Ng4 11. Qd2 f5 12. exf5 Bxf5 13. d4 exd4 14. Nxd4 Nxd4
15. Qxd4 c6 16. Ne4 d5 17. Nc5 b6 18. Nd3 Qf6 19. Qxf6 Nxf6 20. Ne5 Rac8 21. c3
Rfe8 22. Rfe1 Ne4 23. Nf3 Nc5 24. Nd4 Bd7 25. b3 Kf7 26. Rad1 Kf6 27. h3 a5 28.
Rxe8 Bxe8 29. f4 Bg6 30. f5 Bf7 31. Kf2 Nd7 32. g4 Ne5 33. Kg3 Rd8 34. Kf4 c5
35. Nb5 g6 36. h4 g5+ 37. hxg5+ hxg5+ 38. Kg3 Kg7 39. Re1 Kf6 40. Rh1 d4 41.
cxd4 cxd4 42. Rd1 d3 43. Rd2 a4 44. Nc3 axb3 45. axb3 Rd4 46. Bf3 Nxf3 47. Kxf3
Ke5 48. Nd1 Bxb3 49. Nf2 Bc2 50. Ke3 b5 51. Nxd3+ Bxd3 52. Rxd3 Rxg4 53. Kf3
Rf4+ 54. Kg3 b4 55. Rd8 Kxf5 56. Rd5+ Kf6 57. Rb5 Rc4 58. Rb6+ Ke5 59. Rb5+ Kd4
60. Kf3 Rc3+ 0-1

[Event "M.Chigorin Memorial 2013"]
[Site "St. Petersburg"]
[Date "2013.10.06"]
[Round "2.45"]
[White "Baron, Tal"]
[Black "Pashinsky, Mikhail"]
[Result "1-0"]
[WhiteElo "2473"]
[BlackElo "2273"]
[PlyCount "93"]
[EventDate "2013.10.05"]

1. d4 e6 2. c4 f5 3. g3 Nf6 4. Bg2 c6 5. Nf3 d5 6. O-O Bd6 7. Nc3 O-O 8. Qc2 b6
9. Bf4 Bxf4 10. gxf4 dxc4 11. e3 Nd5 12. Ne5 Bb7 13. Nxc4 Nd7 14. Nd6 Ba6 15.
Rfc1 N7f6 16. Qa4 Qxd6 17. Qxa6 g5 18. Nxd5 cxd5 19. Qb7 gxf4 20. Rc6 Qb8 21.
Qe7 Qe8 22. Rxe6 Qxe7 23. Rxe7 Rae8 24. Re5 fxe3 25. fxe3 Kg7 26. Rxf5 Rxe3 27.
Raf1 Rd3 28. R5f4 Rd2 29. Bxd5 Rxb2 30. Bb3 h5 31. R1f3 Rd2 32. h3 a5 33. a4
Rb2 34. Be6 Rb4 35. Rg3+ Kh6 36. Bb3 Nh7 37. Bc2 Rf6 38. Rxf6+ Nxf6 39. Rg6+
Kh7 40. Rxf6+ Kg7 41. Rg6+ Kf7 42. d5 Rc4 43. Rc6 Rb4 44. Bg6+ Ke7 45. Bxh5 b5
46. d6+ Kd7 47. Ra6 1-0

[Event "M.Chigorin Memorial 2013"]
[Site "St. Petersburg"]
[Date "2013.10.06"]
[Round "2.46"]
[White "Komiagina, Maria"]
[Black "Matinian, Nikita"]
[Result "0-1"]
[WhiteElo "2272"]
[BlackElo "2472"]
[PlyCount "82"]
[EventDate "2013.10.05"]

1. e4 d6 2. d4 Nf6 3. Nc3 g6 4. Be3 Bg7 5. h3 O-O 6. f4 c5 7. dxc5 Qa5 8. Kf2
Qb4 9. Bd3 Qxb2 10. Nge2 Qb4 11. Rb1 Qa5 12. Rb5 Qc7 13. cxd6 exd6 14. Qd2 a6
15. Rbb1 Nbd7 16. Rhf1 Re8 17. Kg1 Nc5 18. f5 Bd7 19. e5 Rxe5 20. Bd4 Nxd3 21.
cxd3 Rxf5 22. g4 Rxf1+ 23. Rxf1 Ne8 24. Bxg7 Kxg7 25. Ne4 Qb6+ 26. Kh2 d5 27.
Qf4 Qc7 28. Qxc7 Nxc7 29. Nd6 Be6 30. Nd4 Nb5 31. Nxe6+ fxe6 32. Rf7+ Kg8 33.
Rd7 Nxd6 34. Rxd6 Kf7 35. Rd7+ Kf6 36. Rxb7 Rc8 37. Kg3 Rc3 38. Kf4 e5+ 39. Ke3
e4 40. Rxh7 Rxd3+ 41. Ke2 Ra3 0-1

[Event "M.Chigorin Memorial 2013"]
[Site "St. Petersburg"]
[Date "2013.10.06"]
[Round "2.47"]
[White "Predke, Alexandr"]
[Black "Khanin, Semen"]
[Result "0-1"]
[WhiteElo "2464"]
[BlackElo "2270"]
[PlyCount "62"]
[EventDate "2013.10.05"]

1. c4 Nf6 2. d4 g6 3. Nc3 Bg7 4. Nf3 O-O 5. e3 d6 6. Be2 Nbd7 7. O-O e5 8. b4
a5 9. b5 Re8 10. Qc2 exd4 11. Nxd4 Nc5 12. Bb2 Bg4 13. f3 Bd7 14. e4 Nh5 15.
Rfd1 f5 16. Nb3 Nxb3 17. axb3 Be5 18. Nd5 c6 19. Bxe5 Rxe5 20. Nc3 Qb6+ 21. Kh1
f4 22. h3 Bxh3 23. c5 Ng3+ 24. Kh2 Qxc5 25. b4 axb4 26. Bc4+ Kg7 27. Qd2 Rxa1
28. Rxa1 bxc3 29. Qxf4 Qxc4 30. bxc6 Qxc6 31. Ra8 Bc8 0-1

[Event "M.Chigorin Memorial 2013"]
[Site "St. Petersburg"]
[Date "2013.10.06"]
[Round "2.48"]
[White "Sadovsky, Artem"]
[Black "Chekhov, Sergei"]
[Result "0-1"]
[WhiteElo "2263"]
[BlackElo "2455"]
[PlyCount "76"]
[EventDate "2013.10.05"]

1. b3 e5 2. e3 Nf6 3. Bb2 d6 4. Be2 Be7 5. d3 Nc6 6. Nd2 O-O 7. g4 Nd5 8. Bf3
Be6 9. Ne2 a5 10. a3 Nb6 11. Ng3 d5 12. Qe2 Re8 13. O-O Qd7 14. c4 Rad8 15.
Rfd1 g6 16. Rac1 d4 17. h3 dxe3 18. Qxe3 Qxd3 19. Qxd3 Rxd3 20. Bxc6 bxc6 21.
Bxe5 Nd7 22. Bxc7 Bxa3 23. Ra1 Bb2 24. Ra2 Bd4 25. Kg2 a4 26. Rxa4 Nc5 27. Ra2
Nxb3 28. Nge4 Bxc4 29. Nxb3 Rxd1 30. Nxd4 Rxe4 31. Ra8+ Kg7 32. Nf3 Bd5 33. Kg3
Rd3 34. Ra5 Re7 35. Rxd5 cxd5 36. Bb6 Re4 37. g5 f5 38. Kg2 Rxf3 0-1

[Event "M.Chigorin Memorial 2013"]
[Site "St. Petersburg"]
[Date "2013.10.06"]
[Round "2.49"]
[White "Givon, Asaf"]
[Black "Palchun, Grigory"]
[Result "1-0"]
[WhiteElo "2445"]
[BlackElo "2263"]
[PlyCount "91"]
[EventDate "2013.10.05"]

1. e4 c5 2. Nf3 Nc6 3. d4 cxd4 4. Nxd4 Nf6 5. Nc3 d6 6. Bg5 Bd7 7. Nb3 h6 8.
Bxf6 gxf6 9. Qh5 Rg8 10. Nd5 a5 11. a4 Rc8 12. Ne3 Qb6 13. Bb5 Rg5 14. Qe2 Nd4
15. Bxd7+ Kxd7 16. Nxd4 Qxd4 17. Nd5 Rxg2 18. c3 Qc5 19. Qf3 Rg6 20. O-O-O Ke8
21. Kb1 b5 22. Nf4 Rg5 23. h4 Rg8 24. Rd5 Qc4 25. axb5 e6 26. Rh5 Rb8 27. b6
Qa6 28. Nxe6 Qxb6 29. Rb5 Qa7 30. Rxb8+ Qxb8 31. Nxf8 Kxf8 32. Qxf6 a4 33. Rd1
d5 34. exd5 a3 35. Qxh6+ Rg7 36. Qh8+ Rg8 37. Qh6+ Rg7 38. Qd2 f6 39. d6 Qb3
40. d7 Rxd7 41. Qh6+ Rg7 42. Qxf6+ Kg8 43. Rd8+ Kh7 44. Qf5+ Rg6 45. Rd7+ Kh8
46. Qh5+ 1-0

[Event "M.Chigorin Memorial 2013"]
[Site "St. Petersburg"]
[Date "2013.10.06"]
[Round "2.50"]
[White "Paravyan, David"]
[Black "Gorlanov, Vladislav"]
[Result "1-0"]
[WhiteElo "2444"]
[BlackElo "2249"]
[PlyCount "75"]
[EventDate "2013.10.05"]

1. e4 e5 2. Nf3 Nc6 3. Bb5 Nge7 4. Nc3 g6 5. d4 exd4 6. Nxd4 Bg7 7. Be3 O-O 8.
Qd2 a6 9. Be2 Re8 10. O-O-O b5 11. Nxc6 Nxc6 12. Bg5 Bxc3 13. bxc3 f6 14. Bf4
Rb8 15. Qd5+ Kg7 16. Qxc6 dxc6 17. Rxd8 Rxd8 18. Bxc7 Be6 19. a3 Kf7 20. Bxd8
Rxd8 21. Rd1 Rxd1+ 22. Kxd1 Ke7 23. Kd2 Kd6 24. Ke3 Kc5 25. h4 Kb6 26. Kd2 Ka5
27. Kc1 Ka4 28. Kb2 Ka5 29. h5 Ka4 30. f4 Ka5 31. Kc1 Ka4 32. h6 Kxa3 33. g4 b4
34. f5 gxf5 35. gxf5 Bf7 36. Bxa6 Bh5 37. Bc4 Bf3 38. Bg8 1-0

[Event "M.Chigorin Memorial 2013"]
[Site "St. Petersburg"]
[Date "2013.10.06"]
[Round "2.51"]
[White "Suleymanyants, Odisey"]
[Black "Smirnov, Artem"]
[Result "0-1"]
[WhiteElo "2262"]
[BlackElo "2434"]
[PlyCount "66"]
[EventDate "2013.10.05"]

1. e4 c5 2. Nf3 Nc6 3. d3 g6 4. c3 Bg7 5. Nbd2 d6 6. g3 e5 7. Bg2 Nge7 8. O-O
O-O 9. a4 h6 10. Nc4 Be6 11. Nfd2 f5 12. f4 exf4 13. gxf4 Qd7 14. a5 Rad8 15.
a6 b6 16. Na3 fxe4 17. dxe4 d5 18. exd5 Nxd5 19. Ndc4 Kh7 20. Qa4 Nde7 21. Nb5
Bh3 22. Ne3 Bxg2 23. Nxg2 Qg4 24. Qe4 Nd5 25. Ra4 Rfe8 26. Qf3 Qf5 27. Ne3 Nxe3
28. Bxe3 Qd3 29. Qxc6 Qxe3+ 30. Kh1 Rd2 31. f5 gxf5 32. Rg1 Rxh2+ 33. Kxh2 Be5+
0-1